| 000 | 00522nam a2200193Ia 4500 | ||
|---|---|---|---|
| 008 | 170918s9999 xx 000 0 und d | ||
| 020 | _a9781444000672 | ||
| 050 | _bC652gr 2010 | ||
| 100 | _aCoats, Lucy | ||
| 245 | 4 | _aThe monster in the maze / | |
| 245 | _cby Lucy Coats ; illustrated by Anthony Lewis. | ||
| 260 | _aLondon : | ||
| 260 | _bOrion Children's Books, | ||
| 260 | _c2010 | ||
| 300 | _a79 pages : | ||
| 300 | _bchiefly colored illustration ; | ||
| 300 | _c19cm. | ||
| 300 | _eGreek beast and heroes. | ||
| 999 |
_c344324 _d344324 |
||